000 00701nam a22002417a 4500
001 79102
003 UA-OsUOA
005 20220511113231.0
007 ta
008 20111102b un ||||| |||| 00| 0 ukr d
040 _aUA-OsUOA
_brus
_cUA-OsUOA
_dUA-OsUOA
041 _arus
080 _a821.161.1
090 _a821.161.1
_bШ78
100 _aШолохов М.
245 _aСобрание сочинений
_bВ 8 т.
260 _aМ.
_bХудожественая литература
_c1985
300 _a352 с.
505 _gТ. 2
650 7 _a821 Художня література окремими мовами і мовними сім'ями
_2UDC
942 _cBK
_2udc
955 _a3
999 _c365420
_d365420